LEADER 01234nam a2200277 a 4500 001 000000140023 003 CaOOAMICUS 005 20141007131339.0 008 141007s2003 enk u000 u eng r 020 $z1841133981* 040 $aPUL$bita 082 04$a340.2 100 1 $aMarkesinis, Basil.$0(OLS)http://pul/name/82960 245 10$aComparative law in the Courtroom and Classroom :$bthe story of the last thirty-five years /$cBasil Markesinis. 260 $aOxford ;$aPortland :$bHart Publishing,$c2003. 300 $aXXXII, 273 p. ;$c22 cm 650 4$aCommon Law.$0(OLS)http://pul/subject/29717 650 4$aDiritto penale comparato.$0(OLS)http://pul/subject/40778 850 $aPUL 852 $aPUL$W1$xSL Diritto e Scienze Sociali 3$y79$m340. 2 MARBA 1$j161746$qDDC 21$B161195$CPULBib$Z2$F161195 $H124716 $82 941 1 $a9 996 $6020$z1841133981*$9(OLS)http://pul/number/156105 996 $6082$a340.2$9(OLS)http://pul/classification/1934 996 $6245$aComparative law in the Courtroom and Classroom :$bthe story of the last thirty-five years$9(OLS)http://pul/title/177256 996 $6260$aOxford ;$aPortland :$bHart Publishing$9(OLS)http://pul/publisher/77499 LEADER 01211nam a2200313 a 4500 001 000000140963 003 CaOOAMICUS 005 20141217093254.0 008 141217s2014 it u000 u ita r 020 $z978887094-880-6* 040 $aPUL$bita 082 04$a232 100 1 $aBiffi, Giacomo,$ccard.,$d1928-2015.$0(OLS)http://pul/name/12630 245 13$aIl discorso breve :$bla fede in Cristo /$cGiacomo Biffi. 260 $aBologna :$bESD,$cİ2014. 300 $a254 p. ;$c20 cm 490 1 $aAnagogia ;$v04 504 $aBibliografia in nota. 650 4$aCristologia$xStudi.$0(OLS)http://pul/subject/36480 650 4$aCristocentrismo.$0(OLS)http://pul/subject/41037 830 0$aAnagogia ;$v04.$0(OLS)http://pul/title/178358 850 $aPUL 852 $aPUL$W1$xSL Religione 3$y85$m232 BIFIN 2$j162735$qDDC 21$B162384$CPULBib$Z2$F162384 $H125068 $82 941 1 $a9 996 $6020$z978887094-880-6*$9(OLS)http://pul/number/156580 996 $6082$a232$9(OLS)http://pul/classification/381 996 $6245$aIl discorso breve :$bla fede in Cristo$9(OLS)http://pul/title/178357 996 $6260$aBologna :$bESD$9(OLS)http://pul/publisher/62151